[Event "22nd Hoogeveen Open 2018"]
[Site "Hoogeveen"]
[Date "2018.10.26"]
[Round "8"]
[White "Beerdsen, Thomas"]
[Black "Zwirs, Nico"]
[Result "1-0"]
[WhiteElo "2460"]
[BlackElo "2410"]
[Annotator "TA"]
[PlyCount "61"]
[EventDate "2018.10.20"]
[EventType "swiss"]
[EventCountry "NED"]
[SourceTitle "playchess.com"]
[Source "ChessBase"]
[SourceQuality "1"]

{[%evp 19,61,42,42,37,22,11,57,67,68,56,72,62,147,82,86,91,100,90,84,103,148,145,199,116,127,125,112,116,150,145,147,162,168,129,211,157,166,145,141,138,217,208,602,580]} 1. e4 c5 2. Nf3 d6 3. Bb5+ Nc6 4. O-O Bd7 5. Re1 Nf6 6. c3 a6 7. Bf1 Bg4 8. d4 cxd4 9. cxd4 d5 10. e5 {B51: Sicilian: Moscow Variation (3 Bb5+) without 3...Bd7} Nd7 {LiveBook: 17 Games} 11. e6 fxe6 12. Be2 {With the idea Ng5.The position is equal.} Bxf3 $146 ({Predecessor:} 12... Qb6 13. Nbd2 g6 14. Nb3 Bg7 15. Be3 O-O 16. Ng5 Bxe2 17. Rxe2 Rf6 {1-0 (42) Wang,H (2732)-Battulga,N (2402) China 2016}) 13. Bxf3 {Threatens to win with Nc3.} Qb6 14. Rxe6 {aiming for Nc3.} Qxd4 {[#]} 15. Qe2 $1 {Nc3 is the strong threat.} Nd8 (15... Nc5 $14) 16. Rd6 ({Better is} 16. Be3 Qb4 17. Bxd5) 16... Qe5 17. Rxd7 Qxe2 {[%cal Re2e1] [#]} 18. Rxd8+ $1 {[%mdl 512]} Rxd8 {[%cal Re2e1]} 19. Bxe2 e5 {[#]} 20. Nc3 $1 Be7 (20... Bc5 $16 {was worth a try.}) 21. Bd1 (21. Bf3 $18) 21... Rf8 $16 22. Bd2 Bc5 23. Be1 Ke7 24. Bb3 Ke6 25. Rd1 {[%cal Rb3d5]} Bd4 26. Kf1 b5 (26... Rd7 $16) 27. a3 Rf7 28. Rc1 $36 {[%mdl 2048] Black must now prevent Nxd5. White is in control.} Rc7 29. Ke2 Bxc3 (29... h6 $16) 30. Bxc3 $18 Kf6 $2 {[#]} (30... a5 31. Re1 (31. Bxa5 Rxc1 32. Bxd8 Rb1 $11) 31... b4 32. axb4 axb4) 31. Bxe5+ $1 {[%mdl 512] Precision: White = 71%, Black = 33%.} 1-0

[Event "22nd Hoogeveen Open 2018"]
[Site "Hoogeveen"]
[Date "2018.10.26"]
[Round "8"]
[White "Buckels, Valentin"]
[Black "Iniyan, P."]
[Result "1-0"]
[WhiteElo "2413"]
[BlackElo "2476"]
[Annotator "TA"]
[PlyCount "87"]
[EventDate "2018.10.20"]
[EventType "swiss"]
[EventCountry "NED"]
[SourceTitle "playchess.com"]
[Source "ChessBase"]
[SourceQuality "1"]

{[%evp 14,87,54,56,82,73,108,102,100,98,104,99,112,91,104,99,104,58,124,104,104,83,87,87,164,132,133,106,169,166,288,293,285,241,229,216,206,208,250,219,211,214,305,294,337,328,324,318,331,320,322,331,421,383,365,0,405,0,352,362,758,764,749,732,1289,737,706,693,665,644,595,568,29983,29984,29984,29985]} 1. Nf3 Nf6 2. g3 c5 3. c4 b6 4. Bg2 Bb7 5. O-O e6 6. Nc3 Be7 7. b3 a6 {A30: Symmetrical English: Double Fianchetto and Hedgehog} (7... O-O 8. Bb2 d5 9. e3 Qc8 10. Rc1 Rd8 11. cxd5 Nxd5 12. Nxd5 Bxd5 13. Qe2 Qb7 14. Rfd1 Nd7 15. d4 Bf6 16. Ne1 Bxg2 17. Nxg2 cxd4 18. Bxd4 Bxd4 19. Rxd4 {½-½ (34) Iturrizaga Bonelli,E (2650)-Oparin,G (2626) Monzon 2016}) 8. d4 {[%cal Bd2d4,Bd4d5][%mdl 32] LiveBook: 34 Games} d6 9. d5 e5 {White is better.} 10. Ne1 $146 ({Predecessor:} 10. e4 O-O 11. Re1 Nbd7 12. Nd2 g6 13. f4 Nh5 14. f5 Bg5 15. Nf3 Bxc1 16. Qxc1 {½-½ (75) Gourlay,I (2361)-Ismagambetov,A (2408) Olomouc 2005}) 10... O-O 11. a4 Nbd7 12. e4 Ne8 13. h4 Nc7 14. Qe2 Bf6 15. h5 g6 (15... Bg5 $14) 16. Bh6 Bg7 17. Bxg7 Kxg7 18. f4 exf4 (18... Ne8 $16 {keeps fighting.}) 19. gxf4 $18 Qh4 20. hxg6 fxg6 (20... hxg6 $16 21. Qf2 Qg4) 21. Nd3 g5 (21... Rae8 $142 22. Qf2 Qg4) 22. e5 dxe5 23. Nxe5 Nf6 24. fxg5 Qxg5 25. Nf3 Qf4 26. Qe5 Qxe5 27. Nxe5 a5 (27... Nce8 {was worth a try.} 28. a5 b5) 28. Rae1 Rae8 29. Re2 Bc8 30. d6 Ne6 31. Bc6 Rd8 32. Rg2+ Kh8 33. Rgf2 Kg7 34. Rg2+ Kh8 {intending ...Nd4.} 35. Rgf2 Kg7 $1 36. d7 Ba6 $2 (36... Bxd7 37. Bxd7 Rxd7 38. Rxf6 Rxf6) 37. Rg2+ Kh8 38. Nd5 Nxd5 39. Rxf8+ Rxf8 40. Bxd5 Nd8 {[#]} 41. Nf7+ $1 {[%mdl 512]} Nxf7 42. Bxf7 {Rg8+ is the strong threat.} Rd8 {[#]} 43. Rg8+ $1 {[%mdl 512]} Rxg8+ 44. Bxg8 {Precision: White = 70%, Black = 38%.} 1-0

[Event "22nd Hoogeveen Open 2018"]
[Site "Hoogeveen"]
[Date "2018.10.26"]
[Round "8"]
[White "Van Delft, Merijn"]
[Black "Giacomini, Hector"]
[Result "0-1"]
[WhiteElo "2381"]
[BlackElo "2178"]
[Annotator "NA"]
[PlyCount "54"]
[EventDate "2018.10.20"]
[EventType "swiss"]
[EventCountry "NED"]
[SourceTitle "playchess.com"]
[Source "ChessBase"]
[SourceQuality "1"]
[TimeControl "40/5400+30:1800+30"]

1. e4 {[%emt 0:00:20]} e6 {[%emt 0:00:00]} 2. d4 {[%emt 0:00:30]} d5 {[%emt 0:00:00]} 3. Nc3 {[%emt 0:00:41]} dxe4 {[%emt 0:00:00]} 4. Nxe4 {[%emt 0:00:07]} Nd7 {[%emt 0:00:00]} 5. Nf3 {[%emt 0:00:37]} Ngf6 {[%emt 0:00:00]} 6. Nxf6+ {[%emt 0:02:05]} Nxf6 {[%emt 0:00:02]} 7. Bd3 {[%emt 0:02:04]} c5 {[%emt 0:00:13]} 8. Be3 {[%emt 0:01:37]} Qc7 {[%emt 0:00:16]} 9. Qe2 {[%emt 0:03:55]} Be7 {[%emt 0:00:15]} 10. O-O-O {[%emt 0:03:14] LiveBook: 15 Games} Bd7 {[%emt 0:00:44]} 11. Ne5 {[%emt 0:02:10]} O-O {[%emt 0:00:57]} 12. Kb1 $11 {[%emt 0:07:59]} Rfd8 {[%emt 0:02:04]} 13. Nxd7 {[%emt 0:04:16]} Rxd7 {[%emt 0:01:35]} 14. dxc5 {[%emt 0:01:47]} Bxc5 {[%emt 0:07:19]} 15. Bg5 {[%emt 0:06:55]} Be7 {[%emt 0:05:01]} 16. g3 {[%emt 0:16:49]} Rad8 {[%emt 0:00:51]} 17. h4 {[%emt 0:06:27]} Qb6 {[%emt 0:03:35]} 18. Ka1 {[%emt 0:02:16]} Nd5 {[%emt 0:14:25]} 19. c3 {[%emt 0:05:22]} Bf6 {[%emt 0:07:59]} 20. Qc2 {[%emt 0:04:01]} h6 {[%emt 0:01:39]} 21. Bc1 {[%emt 0:03:46]} Qa5 {[%emt 0:10:02]} 22. a3 {[%emt 0:08:53]} Nxc3 {[%emt 0:11:06]} 23. Bh7+ {[%emt 0:06:33]} Kh8 {[%emt 0:00:09]} 24. Rxd7 {[%emt 0:00:21]} Rxd7 {[%emt 0:00:19]} 25. bxc3 {[%emt 0:06:38]} Bxc3+ {[%emt 0:03:34]} 26. Kb1 {[%emt 0:00:35]} Qb5+ {[%emt 0:00:35]} 27. Ka2 {[%emt 0:00:26]} Qd5+ {[%emt 0:01:24]} 0-1

[Event "22nd Hoogeveen Open 2018"]
[Site "Hoogeveen"]
[Date "2018.10.26"]
[Round "8"]
[White "Colijn, Stefan"]
[Black "De Jong, Migchiel"]
[Result "1/2-1/2"]
[WhiteElo "2340"]
[BlackElo "2309"]
[Annotator "NA"]
[PlyCount "25"]
[EventDate "2018.10.20"]
[EventType "swiss"]
[EventCountry "NED"]
[SourceTitle "playchess.com"]
[Source "ChessBase"]
[SourceQuality "1"]
[TimeControl "40/5400+30:1800+30"]

{[%evp 9,19,0,14,2,42,40,43,32767,32767,32767,32767,-15]} 1. Nf3 {[%emt 0:00:00]} c5 {[%emt 0:01:05]} 2. c4 {[%emt 0:00:00]} Nf6 {[%emt 0:00:19]} 3. Nc3 {[%emt 0:00:08]} d5 {[%emt 0:00:38]} 4. cxd5 {[%emt 0:00:40]} Nxd5 {[%emt 0:00:08]} 5. Qa4+ {[%emt 0:07:43]} Nc6 {[%emt 0:04:21]} 6. Ne5 {[%emt 0:02:08] LiveBook: 33 Games} Ndb4 {[%emt 0:00:59]} 7. a3 {[%emt 0:05:46]} Nc2+ {[%emt 0:02:40]} 8. Qxc2 {[%emt 0:02:20]} Nxe5 {[%emt 0:00:05]} 9. g3 {[%emt 0:10:50]} Bd7 {[%emt 0:05:03]} 10. Bg2 $11 {[%emt 0:02:50]} Bc6 {[%emt 0:00:19]} 11. O-O {[%emt 0:00:44]} e6 {[%emt 0:00:35]} 12. d3 {[%emt 0:04:21]} Be7 {[%emt 0:00:45]} 13. Bd2 {[%emt 0:01:55]} 1/2-1/2

[Event "22nd Hoogeveen Open 2018"]
[Site "Hoogeveen"]
[Date "2018.10.26"]
[Round "8"]
[White "Tomilova, Elena"]
[Black "Konings, Frans"]
[Result "0-1"]
[WhiteElo "2328"]
[BlackElo "2195"]
[Annotator "NA"]
[PlyCount "82"]
[EventDate "2018.10.20"]
[EventType "swiss"]
[EventCountry "NED"]
[SourceTitle "playchess.com"]
[Source "ChessBase"]
[SourceQuality "1"]
[TimeControl "40/5400+30:1800+30"]

1. Nf3 {[%emt 0:00:00]} g6 {[%emt 0:01:25]} 2. d4 {[%emt 0:00:00]} Bg7 {[%emt 0:00:09]} 3. e4 {[%emt 0:00:09]} d6 {[%emt 0:00:15]} 4. Bc4 {[%emt 0:00:15]} e6 {[%emt 0:05:03]} 5. Bb3 {[%emt 0:02:56]} Ne7 {[%emt 0:00:06]} 6. Qe2 {[%emt 0:01:41] LiveBook: 4 Games} a5 {[%emt 0:00:42]} 7. a4 {[%emt 0:06:08]} b6 {[%emt 0:03:35]} 8. Nbd2 {[%emt 0:00:30] [#]} (8. O-O $11) 8... Ba6 {[%emt 0:00:21]} (8... d5 $1 $17) 9. Bc4 {[%emt 0:05:14]} O-O {[%emt 0:03:22]} 10. O-O {[%emt 0:01:07]} Bxc4 {[%emt 0:01:43]} 11. Nxc4 {[%emt 0:00:29]} Nbc6 {[%emt 0:00:49]} 12. c3 {[%emt 0:00:37]} Qc8 {[%emt 0:03:44]} 13. Re1 {[%emt 0:06:16]} Qa6 $14 {[%emt 0:00:50]} 14. Na3 {[%emt 0:01:31]} Qxe2 {[%emt 0:00:21]} 15. Rxe2 {[%emt 0:00:01]} Na7 {[%emt 0:07:17]} 16. Be3 {[%emt 0:07:00]} h6 {[%emt 0:00:50]} 17. h4 {[%emt 0:00:21]} Rae8 {[%emt 0:03:41]} 18. Rae1 {[%emt 0:03:35]} Kh7 {[%emt 0:00:06]} 19. Bc1 {[%emt 0:00:42]} Rb8 {[%emt 0:04:44]} 20. c4 {[%emt 0:11:35]} Nec6 {[%emt 0:14:29]} 21. Rd1 {[%emt 0:00:41]} e5 {[%emt 0:04:20]} 22. d5 {[%emt 0:09:06]} Nd8 {[%emt 0:04:02]} 23. Nd2 {[%emt 0:03:56]} f5 {[%emt 0:01:59]} 24. exf5 {[%emt 0:03:26]} gxf5 {[%emt 0:00:07]} 25. f4 {[%emt 0:00:46]} Nb7 {[%emt 0:05:28]} 26. Nb3 {[%emt 0:01:28]} Rf7 {[%emt 0:00:49]} 27. Be3 {[%emt 0:06:26]} Nc5 {[%emt 0:02:38]} 28. Bxc5 {[%emt 0:03:30]} bxc5 {[%emt 0:00:29]} 29. Nb5 {[%emt 0:01:17]} Nxb5 {[%emt 0:00:26]} 30. cxb5 {[%emt 0:00:28]} exf4 {[%emt 0:00:18]} 31. Rde1 {[%emt 0:11:36]} Bf6 {[%emt 0:04:52]} 32. h5 {[%emt 0:00:43]} Rg8 {[%emt 0:00:41]} 33. Re8 {[%emt 0:01:24]} Rg3 {[%emt 0:02:01]} 34. Nc1 {[%emt 0:03:57]} Rfg7 {[%emt 0:00:10]} 35. Kf1 {[%emt 0:03:55]} Rxg2 {[%emt 0:00:48]} 36. Nd3 {[%emt 0:00:27]} Bh4 {[%emt 0:00:42]} 37. R1e6 {[%emt 0:01:41]} f3 {[%emt 0:00:54]} 38. Rg6 {[%emt 0:00:39]} Rd2 {[%emt 0:01:57]} 39. Rxg7+ {[%emt 0:02:06]} Kxg7 {[%emt 0:00:04]} 40. Re3 {[%emt 0:00:11]} Rd1+ {[%emt 0:00:14]} 41. Ne1 {[%emt 0:30:04]} f2 {[%emt 0:30:11]} 0-1

[Event "22nd Hoogeveen Open 2018"]
[Site "Hoogeveen"]
[Date "2018.10.26"]
[Round "8"]
[White "Den Hartog, Marijn"]
[Black "Thrish Karthik"]
[Result "1/2-1/2"]
[WhiteElo "2296"]
[BlackElo "2116"]
[Annotator "NA"]
[PlyCount "114"]
[EventDate "2018.10.20"]
[EventType "swiss"]
[EventCountry "NED"]
[SourceTitle "playchess.com"]
[Source "ChessBase"]
[SourceQuality "1"]
[TimeControl "40/5400+30:1800+30"]

1. d4 {[%emt 0:00:00]} d5 {[%emt 0:00:00]} 2. Nf3 {[%emt 0:00:00]} Nf6 {[%emt 0:00:54]} 3. c4 {[%emt 0:00:00]} c6 {[%emt 0:01:05]} 4. Qc2 {[%emt 0:00:54]} g6 {[%emt 0:01:24]} 5. e3 {[%emt 0:00:45]} Bg7 {[%emt 0:02:13]} 6. Nc3 {[%emt 0:02:08]} O-O {[%emt 0:01:31]} 7. Be2 {[%emt 0:02:08]} a6 {[%emt 0:08:09]} 8. O-O {[%emt 0:03:56]} b5 {[%emt 0:12:25] LiveBook: 4 Games} 9. cxd5 {[%emt 0:00:33]} cxd5 {[%emt 0:02:42]} 10. b4 {[%emt 0:00:09]} Bf5 {[%emt 0:07:41]} 11. Qb3 {[%emt 0:00:18]} Nc6 {[%emt 0:15:08]} 12. Bd2 {[%emt 0:07:45]} Qd6 {[%emt 0:04:36]} 13. Rfc1 $11 {[%emt 0:04:54]} Rab8 {[%emt 0:11:25]} 14. a3 {[%emt 0:07:48]} e5 {[%emt 0:05:54]} 15. dxe5 {[%emt 0:00:41]} Nxe5 {[%emt 0:00:04]} 16. Nxe5 {[%emt 0:04:27]} Qxe5 {[%emt 0:00:05]} 17. Bf3 {[%emt 0:05:38]} Bd3 {[%emt 0:07:58]} 18. Ne2 {[%emt 0:01:29]} Bxe2 {[%emt 0:02:48]} 19. Bc3 {[%emt 0:00:44]} Qf5 {[%emt 0:01:06]} 20. Bxe2 {[%emt 0:01:13]} Ne4 {[%emt 0:00:54]} 21. Bxg7 {[%emt 0:00:06]} Qxf2+ {[%emt 0:00:04]} 22. Kh1 {[%emt 0:00:05]} Kxg7 {[%emt 0:01:26]} 23. Ra2 {[%emt 0:05:03]} Rbc8 {[%emt 0:03:03]} 24. Rf1 {[%emt 0:03:02]} Qh4 {[%emt 0:00:37]} 25. Kg1 {[%emt 0:00:13]} Nc3 {[%emt 0:01:51]} 26. Rc2 {[%emt 0:00:26]} Nxe2+ {[%emt 0:00:33]} 27. Rxe2 {[%emt 0:00:02]} Qc4 {[%emt 0:00:46]} 28. Qb2+ {[%emt 0:00:16]} Qc3 {[%emt 0:00:34]} 29. Rd1 {[%emt 0:01:07]} Qxb2 {[%emt 0:01:05]} 30. Rxb2 {[%emt 0:00:03]} Rc3 {[%emt 0:01:52]} 31. Rxd5 {[%emt 0:00:42]} Rxa3 {[%emt 0:02:56]} 32. Re5 {[%emt 0:01:14]} Rc8 {[%emt 0:02:00]} 33. Re4 {[%emt 0:01:03]} Rcc3 {[%emt 0:00:46]} 34. Kf2 {[%emt 0:00:02]} Rab3 {[%emt 0:00:39]} 35. Rd2 {[%emt 0:01:22]} Rc7 {[%emt 0:00:29]} 36. Rd6 {[%emt 0:00:31]} Rb2+ {[%emt 0:00:03]} 37. Kf3 {[%emt 0:00:09]} Rcc2 {[%emt 0:00:36]} 38. Rxa6 {[%emt 0:02:16]} Rf2+ {[%emt 0:00:25]} 39. Kg3 {[%emt 0:00:05]} Rxg2+ {[%emt 0:00:32]} 40. Kf4 {[%emt 0:00:19]} Rxh2 {[%emt 0:00:27]} 41. Ke5 {[%emt 0:30:36]} Rb3 {[%emt 0:22:49]} 42. Ra7 {[%emt 0:00:00]} Rh3 {[%emt 0:02:44]} 43. Rf4 {[%emt 0:00:00]} Rhxe3+ {[%emt 0:00:52]} 44. Kd5 {[%emt 0:00:00]} Rbd3+ {[%emt 0:01:33]} 45. Kc5 {[%emt 0:00:00]} Re5+ {[%emt 0:00:57]} 46. Kc6 {[%emt 0:00:00]} Re6+ {[%emt 0:03:07]} 47. Kxb5 {[%emt 0:00:00]} Rf6 {[%emt 0:00:03]} 48. Re4 {[%emt 0:00:00]} h5 {[%emt 0:00:44]} 49. Rc7 {[%emt 0:00:00]} g5 {[%emt 0:01:16]} 50. Rc5 {[%emt 0:00:00]} Rg6 {[%emt 0:00:53]} 51. Re7 {[%emt 0:00:00]} Rf3 {[%emt 0:00:40]} 52. Ree5 {[%emt 0:00:00]} f6 {[%emt 0:00:49]} 53. Re8 {[%emt 0:00:00]} g4 {[%emt 0:00:39]} 54. Rxh5 {[%emt 0:00:00]} f5 {[%emt 0:00:32]} 55. Rc8 {[%emt 0:00:00]} Re3 {[%emt 0:00:27]} 56. Rxf5 {[%emt 0:00:00]} g3 {[%emt 0:00:16]} 57. Rc1 {[%emt 0:00:00]} Rg4 {[%emt 0:00:26]} 1/2-1/2

[Event "22nd Hoogeveen Open 2018"]
[Site "Hoogeveen"]
[Date "2018.10.26"]
[Round "8"]
[White "De Boer, Eelke"]
[Black "Pruijssers, Roeland"]
[Result "0-1"]
[WhiteElo "2285"]
[BlackElo "2501"]
[Annotator "TA"]
[PlyCount "98"]
[EventDate "2018.10.20"]
[EventType "swiss"]
[EventCountry "NED"]
[SourceTitle "playchess.com"]
[Source "ChessBase"]
[SourceQuality "1"]

{[%evp 20,98,37,37,35,25,14,9,13,20,32,28,52,58,62,56,68,56,71,66,66,62,62,71,60,52,91,10,50,0,0,-83,-68,-217,-193,-215,-193,-232,-232,-233,-225,-233,-227,-233,-218,-233,-236,-207,-150,-145,-158,-144,-139,-228,-235,-331,-322,-325,-316,-308,-268,-281,-287,-477,-485,-462,-460,-764,-758,-806,-805,-801,-802,-758,-714,-29984,-29985,-29983,-4906,-1884,-1600]} 1. e4 c5 2. Nf3 e6 3. d4 cxd4 4. Nxd4 Nc6 5. Nc3 Qc7 6. Be3 a6 7. Qf3 {B48: Sicilian: Taimanov: 5 Nc3 Qc7 6 Be3 a6 without Be2} Bd6 (7... Nf6 8. O-O-O Ne5 9. Qg3 b5 10. a3 Bb7 11. Bxb5 Rc8 12. Ba4 Nxe4 13. Nxe4 Bxe4 14. Bf4 Qc4 15. Bxe5 Qxa4 {1-0 (38) Vachier Lagrave,M (2789)-Anand,V (2776) Karlsruhe/Baden-Baden 2018}) 8. O-O-O Be5 9. g3 Nge7 10. Qe2 b5 11. f4 {LiveBook: 19 Games} Bxd4 12. Bxd4 Nxd4 13. Rxd4 O-O 14. Bg2 Bb7 15. Rhd1 $146 Rfd8 16. Qd2 Bc6 17. e5 Ra7 18. Bxc6 Nxc6 19. Rd3 Ne7 20. Kb1 b4 21. Ne4 a5 22. Nd6 {Threatens to win with Nb5.} Qc6 23. g4 ({White should play} 23. c4 $16) 23... Nd5 24. Rd4 a4 25. Ne4 (25. f5 $11 {remains equal.}) 25... Rb8 $1 $17 26. Qd3 ({Better is} 26. Rxd5 $15 exd5 27. Qxd5) 26... b3 $1 $19 (26... Nxf4 27. Nf6+ gxf6 28. Rxf4 $17) 27. cxb3 axb3 (27... Nxf4 28. Qc4 $11) 28. a3 {[#]} Qc2+ $1 {[%mdl 512]} 29. Qxc2 bxc2+ 30. Kxc2 Ne3+ 31. Kc1 Nxd1 32. Rxd1 {[%mdl 4096] Endgame KRR-KRN} Ra4 33. Re1 Rd4 34. b4 Rd3 35. Kb2 Rf3 36. Nd6 (36. Nc5 $17 {is a better defense.}) 36... Rxf4 37. b5 (37. g5 {keeps fighting.}) 37... f6 {[%cal Bf7f6,Bf6e5,Be5e4][%mdl 32]} ({Don't play} 37... Rxg4 38. Kb3 $19) 38. Kb3 fxe5 (38... Rxg4 39. a4 $19) 39. a4 Rd4 ({But not} 39... Rxg4 40. Nc4 $19) 40. Nc4 e4 ({Much less strong is} 40... Rxg4 41. Nxe5 Rd4 42. Re3 $19) 41. Re2 $2 (41. Re3 {was worth a try.}) 41... d5 {[%cal Bd7d5,Bd5d4,Bd4d3][%mdl 32]} 42. Ne5 {intending Nc6.} Ra8 43. b6 {[#]} (43. Ra2 $142 e3 44. b6) 43... Ra6 $1 44. Kc3 Rdxa4 45. Rb2 d4+ 46. Kc2 Ra2 47. Nd7 d3+ 48. Kc3 Rxb2 (48... R6a3+ $142 49. Rb3 Rxb3+ 50. Kxb3 {[#]} d2 $1 {[%mdl 512]} 51. b7 d1=Q+ 52. Kxa2 Qa4+ 53. Kb2 Qb4+ 54. Kc2 Qxb7 55. Nf8 Kxf8 56. h4 Qd5 57. g5 Qd3+ 58. Kb2 e3 59. g6 h5 60. Ka2 e2 61. Ka1 e1=Q+ 62. Kb2 Qeb1#) 49. Kxb2 Ra5 {Precision: White = 47%, Black = 86%.} 0-1

[Event "22nd Hoogeveen Open 2018"]
[Site "Hoogeveen"]
[Date "2018.10.26"]
[Round "8"]
[White "Ojas Kulkarni"]
[Black "Miedema, David"]
[Result "1/2-1/2"]
[WhiteElo "2254"]
[BlackElo "2379"]
[Annotator "NA"]
[PlyCount "37"]
[EventDate "2018.10.20"]
[EventType "swiss"]
[EventCountry "NED"]
[SourceTitle "playchess.com"]
[Source "ChessBase"]
[SourceQuality "1"]
[TimeControl "40/5400+30:1800+30"]

1. d4 {[%emt 0:00:00]} Nf6 {[%emt 0:01:08]} 2. c4 {[%emt 0:00:00]} e6 {[%emt 0:00:55]} 3. Nc3 {[%emt 0:00:00]} Bb4 {[%emt 0:00:05]} 4. Nf3 {[%emt 0:00:08]} b6 {[%emt 0:01:28]} 5. Bd2 {[%emt 0:01:14]} O-O {[%emt 0:03:37]} 6. e3 {[%emt 0:00:20]} Bxc3 {[%emt 0:05:48]} 7. Bxc3 {[%emt 0:00:22]} Ne4 {[%emt 0:00:03] LiveBook: 3 Partien} 8. Bb4 {[%emt 0:10:59]} c5 {[%emt 0:00:21]} 9. Ba3 {[%emt 0:01:08]} Bb7 {[%emt 0:02:10]} 10. Nd2 {[%emt 0:04:30]} d6 {[%emt 0:03:31]} 11. Nxe4 $11 {[%emt 0:16:11]} Bxe4 {[%emt 0:00:04]} 12. Bd3 {[%emt 0:00:06]} Bxg2 {[%emt 0:02:24]} 13. Rg1 {[%emt 0:00:06]} Bb7 {[%emt 0:01:08]} 14. Bxh7+ {[%emt 0:07:28]} Kxh7 {[%emt 0:01:14]} 15. Qh5+ {[%emt 0:00:09]} Kg8 {[%emt 0:00:16]} 16. Qh6 {[%emt 0:04:05]} g6 {[%emt 0:00:14]} 17. Rxg6+ {[%emt 0:06:38]} fxg6 {[%emt 0:00:03]} 18. Qxg6+ {[%emt 0:00:07]} Kh8 {[%emt 0:00:03]} 19. Qh6+ {[%emt 0:01:04]} 1/2-1/2

[Event "22nd Hoogeveen Open 2018"]
[Site "Hoogeveen"]
[Date "2018.10.26"]
[Round "8"]
[White "Blagojevic, Tijana"]
[Black "De Boer, Bas"]
[Result "1/2-1/2"]
[WhiteElo "2232"]
[BlackElo "2102"]
[Annotator "NA"]
[PlyCount "87"]
[EventDate "2018.10.20"]
[EventType "swiss"]
[EventCountry "NED"]
[SourceTitle "playchess.com"]
[Source "ChessBase"]
[SourceQuality "1"]
[TimeControl "40/5400+30:1800+30"]

1. e4 {[%emt 0:00:00]} c5 {[%emt 0:00:00]} 2. Nf3 {[%emt 0:00:00]} e6 {[%emt 0:00:00]} 3. d4 {[%emt 0:00:00]} cxd4 {[%emt 0:00:00]} 4. Nxd4 {[%emt 0:00:00]} Nc6 {[%emt 0:00:00]} 5. Nc3 {[%emt 0:00:00]} Qc7 {[%emt 0:00:00]} 6. Be3 {[%emt 0:00:00]} a6 {[%emt 0:00:07]} 7. Bd3 {[%emt 0:00:22]} Nf6 {[%emt 0:00:23]} 8. O-O {[%emt 0:00:07]} b5 {[%emt 0:00:09]} 9. Nxc6 {[%emt 0:02:12]} Qxc6 {[%emt 0:00:41]} 10. Be2 {[%emt 0:05:35]} Bd6 {[%emt 0:10:10] LiveBook: 3 Partien} 11. Bf3 {[%emt 0:08:28]} Be5 $11 {[%emt 0:00:12]} 12. Bd4 {[%emt 0:01:05]} d6 {[%emt 0:00:08]} 13. a3 {[%emt 0:04:04]} O-O {[%emt 0:02:34]} 14. Qd2 {[%emt 0:03:30]} Bb7 {[%emt 0:02:47]} 15. Rad1 {[%emt 0:00:09]} a5 {[%emt 0:08:31]} 16. Rfe1 {[%emt 0:05:49]} Rac8 {[%emt 0:06:56]} 17. Rc1 {[%emt 0:08:04]} Rfd8 {[%emt 0:04:57]} 18. Red1 {[%emt 0:07:37]} Rd7 {[%emt 0:05:37]} 19. Ne2 {[%emt 0:06:21]} Qa6 {[%emt 0:05:02]} 20. Bxe5 {[%emt 0:06:09]} dxe5 {[%emt 0:00:29]} 21. Qg5 {[%emt 0:00:01]} Rxc2 {[%emt 0:07:58]} 22. Qxe5 {[%emt 0:00:05]} Rxc1 {[%emt 0:09:53]} 23. Rxc1 {[%emt 0:04:26]} Qb6 {[%emt 0:07:05]} 24. h3 {[%emt 0:01:25]} h6 {[%emt 0:04:31]} 25. b4 {[%emt 0:05:53]} axb4 {[%emt 0:02:14]} 26. axb4 {[%emt 0:00:03]} Rd2 {[%emt 0:01:08]} 27. Qb8+ {[%emt 0:02:29]} Rd8 {[%emt 0:01:58]} 28. Qf4 {[%emt 0:02:12]} e5 {[%emt 0:03:50]} 29. Qxe5 {[%emt 0:00:35]} Re8 {[%emt 0:00:12]} 30. Qd4 {[%emt 0:05:47]} Qxd4 {[%emt 0:05:50]} 31. Nxd4 {[%emt 0:00:03]} Bxe4 {[%emt 0:00:11]} 32. Rc5 {[%emt 0:03:48]} Bd3 {[%emt 0:01:53]} 33. Bc6 {[%emt 0:01:25]} Re1+ {[%emt 0:02:00]} 34. Kh2 {[%emt 0:00:02]} Rb1 {[%emt 0:00:18]} 35. Bxb5 {[%emt 0:00:12]} Bg6 {[%emt 0:00:58]} 36. Rc8+ {[%emt 0:03:12]} Kh7 {[%emt 0:00:12]} 37. Nc6 {[%emt 0:00:18]} Nd5 {[%emt 0:01:30]} 38. Ne5 {[%emt 0:04:56]} Rxb4 {[%emt 0:01:15]} 39. Be8 {[%emt 0:03:44]} Rf4 {[%emt 0:01:09]} 40. f3 {[%emt 0:02:05]} Rf5 {[%emt 0:02:21]} 41. Nd7 {[%emt 0:32:03]} h5 {[%emt 0:08:06]} 42. Nf8+ {[%emt 0:00:00]} Kh6 {[%emt 0:00:28]} 43. Rc5 {[%emt 0:00:00]} Ne3 {[%emt 0:07:02]} 44. Rc6 {[%emt 0:00:00]} 1/2-1/2